000 00776nam a22002777a 4500
003 CHAP
005 20220329134716.0
008 971013s br r 00010 por d
010 _a24567
011 _a25539
035 _a29639
040 _cCHAP
090 _aFolleto 2330
110 _aInstituto Brasileiro do Café
_959078
245 1 _aCafé ou broca?
260 _a(s.l. :
_bs.e),
_c(s.a.)
300 _a9 p.
_b: ilus
590 _aBATCH-UPD
_b10
_c20130109
_lUCH01
_h2348
590 _aBATCH-UPD
_b10
_c20130110
_lUCH01
_h1843
590 _aCONVERSION
_b10
_c20130109
_lUCH01
_h1314
650 1 4 _aControl de plagas.
_927595
650 1 4 _aStephanoderes hampei.
_9109658
901 _aBK
942 _cFOLL
949 _aFolleto 2330
_bBC
_cFOLL
_d-68585
_eTS1
_i29639
_mD
_si
999 _c24567
_d24567